| 000 | 00000nam##2200000za#4500 |
| 001 | 9.635378 |
| 003 | CaOODSP |
| 005 | 20220818080248 |
| 007 | cr ||||||||||| |
| 008 | 150407|2008||||xxc|||||o f|0| 0 fre|d |
| 020 | |a978-0-662-04017-0 |
| 040 | |aCaOODSP|bfre |
| 043 | |an-cn--- |
| 086 | 1 |aIP54-6/2008F-PDF |
| 110 | 2 |aCommissariat à la protection de la vie privée du Canada. |
| 245 | 10|aTracer le chemin : |h[ressource électronique]|bprincipaux développements au cours des sept primières années d'application de la Loi sur la protection des renseignements personnels et les documents électroniques (LPRPDÉ) |
| 260 | |aOttawa - Ontario : |bCommissariat à la protection de la vie privée du Canada |c2008. |
| 300 | |a75p.|btableaux |
| 500 | |aLe n° de catalogue (IP54-6/2008) et l’ISBN (978-0-662-05731-4) de l'édition imprimée bilingue ont été incorrectement copiés dans l’édition électronique. |
| 590 | |a10-10-Supp|b2010-11-09 |
| 691 | 07|aConfidentialité|2gcpds |
| 691 | 07|aRenseignements personnels|2gcpds |
| 775 | 08|tLeading by example : |w(CaOODSP)9.691038 |
| 856 | 40|ahttp://publications.gc.ca|qPDF|s872 Ko|uhttps://publications.gc.ca/collections/collection_2008/privcom/IP54-6-2008F.pdf |